[Event "CRO-chT1B 31st"]
[Site "Veli Losinj"]
[Date "2023.10.15"]
[Round "5.54"]
[White "Medak, Bojan"]
[Black "Ivekovic, Zvonimir"]
[Result "0-1"]
[WhiteElo "2346"]
[BlackElo "2374"]
[PlyCount "60"]
[EventDate "2023.10.11"]
[EventType "team-tourn"]
[EventRounds "9"]
[EventCountry "CRO"]
[SourceTitle "Mega2024 Update 01"]
[Source "Chessbase"]
[SourceDate "2023.11.12"]
[SourceVersion "1"]
[SourceVersionDate "2023.11.12"]
[SourceQuality "1"]
[WhiteTeam "Strigova Stridon"]
[BlackTeam "Novo Virje Konaki"]
[WhiteTeamCountry "CRO"]
[BlackTeamCountry "CRO"]

1. Nf3 c5 2. c4 e6 3. g3 b6 4. Bg2 Bb7 5. 0-0 Nf6 6. b3 Be7 7. Bb2 0-0 8. Nc3 a6 9. Re1 d5 10. cxd5 exd5 11. d4 Nbd7 12. e3 Rc8 13. Rc1 Re8 14. dxc5 bxc5 15. Ne2 Qa5 16. Qc2 d4 17. Nf4 Be4 18. Qd2 Qxa2 19. exd4 Qxb3 20. dxc5 Bxc5 21. Nd4 Qb7 22. Nf5 Bxg2 23. Nxg2 Rxe1+ 24. Rxe1 Ne4 25. Rxe4 Qxe4 26. Ngh4 Ne5 27. Bc3 Qxf5 28. Nxf5 Nf3+ 29. Kg2 Nxd2 30. Bxd2 g6 0-1

[Event "CRO-chT1B 29th"]
[Site "Mali Losinj"]
[Date "2021.10.01"]
[Round "9.4"]
[White "Bubalovic, Davorin"]
[Black "Ivekovic, Zvonimir"]
[Result "1/2-1/2"]
[WhiteElo "2187"]
[BlackElo "2367"]
[PlyCount "67"]
[EventDate "2021.09.25"]
[EventType "team-tourn"]
[EventRounds "11"]
[EventCountry "CRO"]
[SourceTitle "CBM 204 Extra"]
[Source "ChessBase"]
[SourceDate "2021.11.30"]
[SourceVersion "1"]
[SourceVersionDate "2021.11.30"]
[SourceQuality "1"]
[WhiteTeam "Vinkovci"]
[BlackTeam "Novo Virje Konaki"]
[WhiteTeamCountry "CRO"]
[BlackTeamCountry "CRO"]

1. e4 c5 2. Nf3 d6 3. d4 cxd4 4. Nxd4 Nf6 5. Nc3 a6 6. a4 e5 7. Nf3 Qc7 8. Bg5 Nbd7 9. Nd2 h6 10. Bxf6 Nxf6 11. Bc4 Bg4 12. Qb1 Be7 13. h3 Be6 14. Qa2 Bxc4 15. Qxc4 Rc8 16. Qb3 0-0 17. Nf1 Qa5 18. 0-0-0 Rxc3 19. Qxc3 Qxa4 20. Ng3 d5 21. Kb1 d4 22. Qc7 Bb4 23. Rd3 Qb5 24. Rb3 a5 25. Rd1 Nd7 26. Nf5 a4 27. Rxb4 Qxb4 28. Rd3 Qb5 29. Qd6 Kh7 30. Rg3 g6 31. Ne7 Qf1+ 32. Ka2 Qc4+ 33. Kb1 Qf1+ 34. Ka2 1/2-1/2

[Event "CRO-chT1B 29th"]
[Site "Mali Losinj"]
[Date "2021.09.26"]
[Round "2.6"]
[White "Biliskov, Vjekoslav"]
[Black "Ivekovic, Zvonimir"]
[Result "0-1"]
[WhiteElo "2327"]
[BlackElo "2367"]
[PlyCount "83"]
[EventDate "2021.09.25"]
[EventType "team-tourn"]
[EventRounds "11"]
[EventCountry "CRO"]
[SourceTitle "CBM 204 Extra"]
[Source "ChessBase"]
[SourceDate "2021.11.30"]
[SourceVersion "1"]
[SourceVersionDate "2021.11.30"]
[SourceQuality "1"]
[WhiteTeam "Bibinje Goran"]
[BlackTeam "Novo Virje Konaki"]
[WhiteTeamCountry "CRO"]
[BlackTeamCountry "CRO"]

1. d4 Nf6 2. c4 c5 3. d5 e6 4. Nc3 exd5 5. cxd5 d6 6. e4 g6 7. Bd3 Bg7 8. h3 0-0 9. Bg5 a6 10. a4 Nbd7 11. Nf3 Re8 12. 0-0 Rb8 13. Re1 Qc7 14. Rc1 c4 15. Bf1 b5 16. axb5 axb5 17. b4 h6 18. Bf4 Nh5 19. Bh2 Qb6 20. Qd2 Kh7 21. Ra1 Ne5 22. Nxe5 dxe5 23. Ra5 Bd7 24. Rea1 Rb7 25. Ra6 Qd4 26. Qc2 Nf4 27. Rd1 Nd3 28. Bxd3 cxd3 29. Qxd3 Qxb4 30. d6 Qc5 31. Nd5 b4 32. Nc7 Rd8 33. Qb3 Bc6 34. Qxf7 Rxd6 35. Raa1 b3 36. Ne6 Rxf7 37. Nxc5 b2 38. Rab1 Rxd1+ 39. Rxd1 Ra7 40. Nd3 Ra2 41. Rb1 Ra1 42. Rxa1 0-1

[Event "CRO-chT1B 29th"]
[Site "Mali Losinj"]
[Date "2021.09.25"]
[Round "1.25"]
[White "Ivekovic, Zvonimir"]
[Black "Ascic, Pero"]
[Result "1-0"]
[WhiteElo "2367"]
[BlackElo "2289"]
[PlyCount "47"]
[EventDate "2021.09.25"]
[EventType "team-tourn"]
[EventRounds "11"]
[EventCountry "CRO"]
[SourceTitle "CBM 204 Extra"]
[Source "ChessBase"]
[SourceDate "2021.11.30"]
[SourceVersion "1"]
[SourceVersionDate "2021.11.30"]
[SourceQuality "1"]
[WhiteTeam "Novo Virje Konaki"]
[BlackTeam "Djakovo Limmont"]
[WhiteTeamCountry "CRO"]
[BlackTeamCountry "CRO"]

1. e4 e5 2. Nf3 Nc6 3. d4 exd4 4. Nxd4 d6 5. Nc3 Nf6 6. Be2 Be7 7. g4 0-0 8. g5 Nxd4 9. Qxd4 Nd7 10. Rg1 Nb6 11. Bf4 Be6 12. 0-0-0 Qd7 13. h4 a6 14. h5 c5 15. Qe3 Na4 16. Nd5 Bxd5 17. Rxd5 Nb6 18. Rdd1 Qe6 19. Kb1 d5 20. g6 dxe4 21. gxh7+ Kh8 22. Be5 f6 23. Qg3 Rf7 24. h6 1-0

[Event "CRO-chT1B 28th"]
[Site "Mali Losinj"]
[Date "2019.10.02"]
[Round "5.15"]
[White "Ivekovic, Zvonimir"]
[Black "Grgurevic, Boris"]
[Result "1/2-1/2"]
[WhiteElo "2405"]
[BlackElo "2177"]
[PlyCount "89"]
[EventDate "2019.09.28"]
[EventType "team-tourn"]
[EventRounds "9"]
[EventCountry "CRO"]
[SourceTitle "EXT 2020"]
[Source "ChessBase"]
[SourceDate "2019.10.17"]
[SourceVersion "1"]
[SourceVersionDate "2019.10.17"]
[SourceQuality "1"]
[WhiteTeam "Sesvete Agroproteinka"]
[BlackTeam "Sibenik"]
[WhiteTeamCountry "CRO"]
[BlackTeamCountry "CRO"]

1. e4 e5 2. Nf3 Nc6 3. d4 exd4 4. Nxd4 Bc5 5. Nb3 Bb6 6. Nc3 Nf6 7. Bg5 h6 8. Bh4 g5 9. Bg3 d6 10. Qd2 Qe7 11. 0-0-0 Be6 12. Bb5 0-0-0 13. Bxc6 bxc6 14. Rhe1 Nh5 15. Nd4 Kb7 16. Nd5 Qd7 17. Ne3 Nxg3 18. hxg3 Bxd4 19. Qxd4 c5 20. Qf6 Qa4 21. f3 Qxa2 22. Rd3 Qa5 23. Red1 c4 24. Rc3 Qe5 25. Qxe5 dxe5 26. Rxd8 Rxd8 27. Nxc4 Bxc4 28. Rxc4 h5 29. Rc3 h4 30. g4 Rd6 31. Re3 h3 32. gxh3 Rh6 33. Rb3+ Kc6 34. Kd2 Rxh3 35. Ke3 Rh2 36. c3 f6 37. Rb8 Kd7 38. Rb7 a6 39. Rb4 Kc6 40. Rb8 Kd7 41. Kd3 Rf2 42. Ke3 Rc2 43. Rb4 a5 44. Rb5 Kc6 45. Rxa5 1/2-1/2

[Event "SLO-chT2 East"]
[Site "Slovenia"]
[Date "2018.10.13"]
[Round "4"]
[White "Ivekovic, Zvonimir"]
[Black "Strtak, Marjan"]
[Result "1-0"]
[WhiteElo "2424"]
[BlackElo "1810"]
[PlyCount "63"]
[EventDate "2018.09.15"]
[EventType "team-tourn"]
[EventRounds "9"]
[EventCountry "SLO"]
[SourceTitle "EXT 2021"]
[Source "ChessBase"]
[SourceDate "2020.10.23"]
[SourceVersion "1"]
[SourceVersionDate "2020.10.23"]
[SourceQuality "1"]
[WhiteTeam "Brezice"]
[BlackTeam "Ljutomer Radenska"]
[WhiteTeamCountry "SLO"]
[BlackTeamCountry "SLO"]

1. e4 c5 2. Nf3 e6 3. d4 cxd4 4. Nxd4 Nc6 5. Nc3 a6 6. Nxc6 bxc6 7. e5 d5 8. exd6 Qxd6 9. Qxd6 Bxd6 10. Ne4 Bc7 11. g3 Ne7 12. Bg2 0-0 13. 0-0 Rd8 14. b3 Bd7 15. Ba3 Nf5 16. Rad1 Be8 17. Nc5 a5 18. Na4 h5 19. Bc5 Rab8 20. Nb2 Rb5 21. Rxd8 Bxd8 22. Rd1 Bf6 23. Na4 g6 24. Bb6 Be7 25. c4 Re5 26. Kf1 Ng7 27. Bc7 Rf5 28. Be4 Bb4 29. Bxf5 Nxf5 30. c5 Kg7 31. a3 Bxa3 32. Bxa5 1-0

[Event "CRO-chT1B 27th"]
[Site "Biograd"]
[Date "2018.09.20"]
[Round "6.13"]
[White "Krstic, Uros"]
[Black "Ivekovic, Zvonimir"]
[Result "1/2-1/2"]
[WhiteElo "2364"]
[BlackElo "2424"]
[PlyCount "99"]
[EventDate "2018.09.15"]
[EventType "team-swiss"]
[EventRounds "9"]
[EventCountry "CRO"]
[SourceTitle "CBM 186 Extra"]
[Source "ChessBase"]
[SourceDate "2018.08.24"]
[SourceVersion "1"]
[SourceVersionDate "2018.08.24"]
[SourceQuality "1"]
[WhiteTeam "Strigova Stridon"]
[BlackTeam "Koprivnica Podravka"]
[WhiteTeamCountry "CRO"]
[BlackTeamCountry "CRO"]

1. d4 Nf6 2. Nf3 e6 3. Bf4 Be7 4. e3 Nh5 5. Bg3 Nxg3 6. hxg3 c5 7. Nbd2 Nc6 8. dxc5 Qa5 9. c3 Qxc5 10. Qc2 h6 11. g4 d5 12. e4 Qb6 13. Bd3 Bd7 14. exd5 exd5 15. g5 0-0-0 16. gxh6 gxh6 17. Nb3 Kb8 18. Bf5 Bf6 19. Bxd7 Rxd7 20. Qf5 Re7+ 21. Kf1 Ne5 22. Nxe5 Rxe5 23. Qd3 Rg5 24. Re1 Rhg8 25. g3 h5 26. Re3 d4 27. cxd4 Rd5 28. Qe2 h4 29. Rh3 Qc6 30. Qf3 Qd7 31. Kg2 Bxd4 32. Rd3 hxg3 33. Rxg3 Rd8 34. Nxd4 Rxd4 35. Rxd4 Qxd4 36. Qxf7 a6 37. b3 Qb6 38. Rg8 Qc6+ 39. f3 Qc2+ 40. Kg3 Rxg8+ 41. Qxg8+ Ka7 42. a4 Qc5 43. Qc4 Qg5+ 44. Kf2 a5 45. Qb5 Qxb5 46. axb5 Kb6 47. Ke3 Kxb5 48. Kd3 Kc5 49. Kc3 b5 50. b4+ 1/2-1/2

[Event "Bjelovar op"]
[Site "Bjelovar"]
[Date "2018.08.04"]
[Round "5"]
[White "Ivekovic, Zvonimir"]
[Black "Cop, Tomislav"]
[Result "1-0"]
[WhiteElo "2415"]
[BlackElo "2340"]
[PlyCount "79"]
[EventDate "2018.08.02"]
[EventType "swiss"]
[EventRounds "7"]
[EventCountry "CRO"]
[SourceTitle "CBM 185 Extra"]
[Source "ChessBase"]
[SourceDate "2018.07.29"]
[SourceVersion "1"]
[SourceVersionDate "2018.07.29"]
[SourceQuality "1"]

1. e4 c6 2. Nc3 d5 3. Nf3 Bg4 4. d4 e6 5. h3 Bxf3 6. gxf3 Qb6 7. Qd3 Ne7 8. Bd2 Nd7 9. 0-0-0 0-0-0 10. h4 h5 11. Bf4 Ng6 12. Bg3 Qa5 13. Bh3 Nb6 14. exd5 cxd5 15. Bxe6+ fxe6 16. Qxg6 Rh6 17. Qf7 Nd7 18. Rd3 Rf6 19. Qxh5 Rf5 20. Qg6 Rf6 21. Qg4 Nb6 22. Be5 Rf5 23. Qg6 Kd7 24. Bxg7 Nc4 25. Re1 Re8 26. Bxf8 Rfxf8 27. Rg1 Re7 28. h5 b5 29. Qh6 Rff7 30. Kb1 b4 31. Ne2 Rh7 32. Qg5 Reg7 33. Qxg7+ Rxg7 34. Rxg7+ Kd6 35. Rg1 Qd8 36. Rh1 Qh8 37. h6 Qh7 38. Nf4 a5 39. Ng6 a4 40. Nf8 1-0

[Event "Bjelovar op"]
[Site "Bjelovar"]
[Date "2018.08.02"]
[Round "1"]
[White "Ivekovic, Zvonimir"]
[Black "Savanovic, Maksim"]
[Result "1/2-1/2"]
[WhiteElo "2415"]
[BlackElo "1690"]
[PlyCount "48"]
[EventDate "2018.08.02"]
[EventType "swiss"]
[EventRounds "7"]
[EventCountry "CRO"]
[SourceTitle "CBM 185 Extra"]
[Source "ChessBase"]
[SourceDate "2018.07.29"]
[SourceVersion "1"]
[SourceVersionDate "2018.07.29"]
[SourceQuality "1"]

1. e4 c6 2. d4 d5 3. Nc3 dxe4 4. Nxe4 Bf5 5. Ng3 Bg6 6. h4 h6 7. Nf3 Nd7 8. Bc4 e6 9. Qe2 Ngf6 10. h5 Bh7 11. 0-0 Bd6 12. Ne5 Bxe5 13. dxe5 Nd5 14. Qg4 Rg8 15. Re1 Qc7 16. Bb3 0-0-0 17. Qa4 Kb8 18. c4 N5b6 19. Qa5 Nc8 20. Qb4 Ndb6 21. a4 c5 22. Qc3 Rd3 23. Qc2 Re3 24. Qc3 Rd3 1/2-1/2

[Event "Zagreb Hulak Memorial op 2nd"]
[Site "Zagreb"]
[Date "2017.12.07"]
[Round "9"]
[White "Ivekovic, Zvonimir"]
[Black "Brkic, Ante"]
[Result "0-1"]
[WhiteElo "2402"]
[BlackElo "2573"]
[PlyCount "64"]
[EventDate "2017.11.30"]
[EventType "swiss"]
[EventRounds "9"]
[EventCountry "CRO"]
[SourceTitle "EXT 2019"]
[Source "ChessBase"]
[SourceDate "2018.10.10"]
[SourceVersion "1"]
[SourceVersionDate "2018.10.10"]
[SourceQuality "1"]

1. d4 Nf6 2. c4 g6 3. Nc3 d5 4. Nf3 Bg7 5. g3 0-0 6. Bg2 dxc4 7. 0-0 c6 8. e3 Nd5 9. Nd2 Nxc3 10. bxc3 Be6 11. Rb1 Qc7 12. Qe2 b5 13. a4 a6 14. axb5 axb5 15. Rxb5 cxb5 16. Bxa8 Qa5 17. Bg2 Qxc3 18. Ne4 Qa5 19. Bd2 b4 20. Nc5 c3 21. Nxe6 fxe6 22. Bc1 Qa6 23. Qc2 Qc4 24. Qa4 Rc8 25. Bh3 Kh8 26. Qa7 b3 27. Qxe7 b2 28. Bxb2 cxb2 29. Qb7 Qc1 30. Bxe6 Rf8 31. Ba2 Nc6 32. Qc7 Nxd4 0-1

[Event "Zagreb Hulak Memorial op 2nd"]
[Site "Zagreb"]
[Date "2017.12.05"]
[Round "7"]
[White "Ivekovic, Zvonimir"]
[Black "Plenca, Jadranko"]
[Result "1-0"]
[WhiteElo "2402"]
[BlackElo "2469"]
[PlyCount "67"]
[EventDate "2017.11.30"]
[EventType "swiss"]
[EventRounds "9"]
[EventCountry "CRO"]
[SourceTitle "EXT 2019"]
[Source "ChessBase"]
[SourceDate "2018.10.10"]
[SourceVersion "1"]
[SourceVersionDate "2018.10.10"]
[SourceQuality "1"]

1. d4 Nf6 2. c4 e6 3. Nf3 d5 4. g3 Bb4+ 5. Bd2 Be7 6. Bg2 0-0 7. 0-0 Nbd7 8. Nc3 dxc4 9. e4 a6 10. Qa4 b5 11. Qc2 Bb7 12. Rfe1 c5 13. d5 exd5 14. Nxd5 Nxd5 15. exd5 Bf6 16. Rad1 Nb6 17. Ba5 Qd6 18. Nd2 Bd4 19. Ne4 Qg6 20. d6 Nd7 21. Qd2 Ra7 22. Bc3 Bxc3 23. Nxc3 Bxg2 24. Kxg2 Raa8 25. Qd5 Rad8 26. Qc6 b4 27. Nd5 Qc2 28. Qc7 Ne5 29. d7 f6 30. Ne7+ Kh8 31. Nc6 Nxc6 32. Qxc6 c3 33. Qxc5 Qa4 34. Qxf8+ 1-0

[Event "Zagreb Hulak Memorial op 2nd"]
[Site "Zagreb"]
[Date "2017.12.02"]
[Round "4"]
[White "Bozinovic, Bogdan"]
[Black "Ivekovic, Zvonimir"]
[Result "0-1"]
[WhiteElo "2167"]
[BlackElo "2402"]
[PlyCount "56"]
[EventDate "2017.11.30"]
[EventType "swiss"]
[EventRounds "9"]
[EventCountry "CRO"]
[SourceTitle "EXT 2019"]
[Source "ChessBase"]
[SourceDate "2018.10.10"]
[SourceVersion "1"]
[SourceVersionDate "2018.10.10"]
[SourceQuality "1"]

1. d4 Nf6 2. c4 g6 3. Nc3 Bg7 4. e4 d6 5. Nge2 0-0 6. Ng3 c5 7. d5 e6 8. Be2 a6 9. a4 exd5 10. exd5 Re8 11. 0-0 Nbd7 12. Bf4 Ne5 13. Qd2 Nfd7 14. Nge4 Nf8 15. h3 f6 16. Bh6 Bh8 17. Be3 Nf7 18. Rfe1 Bg7 19. Bd3 f5 20. Ng3 Qh4 21. Nce2 Bd7 22. a5 Re7 23. f4 Bxb2 24. Bf2 Bxa1 25. Nxf5 Rxe2 26. Qxe2 Qf6 27. Ne7+ Kg7 28. Bg3 Re8 0-1

[Event "SLO-chT1 East"]
[Site "Slovenia"]
[Date "2017.11.25"]
[Round "8"]
[White "Zelcic, Robert"]
[Black "Ivekovic, Zvonimir"]
[Result "1-0"]
[WhiteElo "2490"]
[BlackElo "2409"]
[PlyCount "113"]
[EventDate "2017.09.29"]
[EventType "team-tourn"]
[EventRounds "9"]
[EventCountry "SLO"]
[SourceTitle "EXT 2019"]
[Source "ChessBase"]
[SourceDate "2018.10.10"]
[SourceVersion "1"]
[SourceVersionDate "2018.10.10"]
[SourceQuality "1"]
[WhiteTeam "Sentjur"]
[BlackTeam "Brezice"]
[WhiteTeamCountry "SLO"]
[BlackTeamCountry "SLO"]

1. e4 c5 2. Nf3 d6 3. d4 cxd4 4. Qxd4 Nf6 5. Nc3 Nc6 6. Bb5 Bd7 7. Bxc6 Bxc6 8. Bg5 e6 9. Qd3 Be7 10. 0-0-0 Qa5 11. Kb1 0-0 12. h4 Rfc8 13. Nd4 b5 14. Nxc6 Rxc6 15. Nxb5 Rb8 16. Nd4 Ra6 17. a3 h6 18. Nb3 Qa4 19. e5 dxe5 20. Bxf6 Bxf6 21. Rhe1 Rab6 22. Re4 Qc6 23. Qc4 Qb7 24. f3 Rb5 25. Qe2 a5 26. h5 Qa7 27. Qc4 Qf2 28. Qf1 Qa7 29. Qc4 Qf2 30. Qf1 Qb6 31. Qe2 Ra8 32. Ra4 e4 33. Qxe4 Rb8 34. Rc4 Bxb2 35. a4 Rd5 36. Rxd5 exd5 37. Qxd5 Bf6 38. Qd7 Qg1+ 39. Ka2 Qxg2 40. Rc8+ Rxc8 41. Qxc8+ Kh7 42. Qf5+ Kg8 43. Nxa5 Qd2 44. Qc8+ Kh7 45. Nb3 Qf4 46. Qc6 g6 47. hxg6+ fxg6 48. a5 Qe5 49. Ka3 Be7+ 50. Ka4 Qf4+ 51. c4 Qb8 52. c5 h5 53. a6 h4 54. Qb7 Qe8+ 55. Kb4 h3 56. a7 h2 57. f4 1-0

[Event "SLO-chT1 East"]
[Site "Slovenia"]
[Date "2017.11.24"]
[Round "7"]
[White "Ivekovic, Zvonimir"]
[Black "Pesec, Franc"]
[Result "1-0"]
[WhiteElo "2409"]
[BlackElo "2133"]
[PlyCount "45"]
[EventDate "2017.09.29"]
[EventType "team-tourn"]
[EventRounds "9"]
[EventCountry "SLO"]
[SourceTitle "EXT 2019"]
[Source "ChessBase"]
[SourceDate "2018.10.10"]
[SourceVersion "1"]
[SourceVersionDate "2018.10.10"]
[SourceQuality "1"]
[WhiteTeam "Brezice"]
[BlackTeam "Celjski"]
[WhiteTeamCountry "SLO"]
[BlackTeamCountry "SLO"]

1. e4 c5 2. Nf3 a6 3. c3 d5 4. exd5 Qxd5 5. d4 Nc6 6. Be2 Bg4 7. 0-0 e6 8. c4 Qd7 9. d5 Bxf3 10. Bxf3 Nd4 11. dxe6 fxe6 12. Nc3 Nf6 13. Bg5 0-0-0 14. g3 Bd6 15. Bg2 h6 16. Be3 e5 17. b4 cxb4 18. Na4 Qc7 19. Bxd4 exd4 20. c5 Be7 21. Rb1 Qa5 22. Qf3 Qb5 23. Nb6+ 1-0

[Event "CRO-chT1A 26th"]
[Site "Mali Losinj"]
[Date "2017.10.03"]
[Round "6.43"]
[White "Ivekovic, Zvonimir"]
[Black "Muse, Drazen"]
[Result "0-1"]
[WhiteElo "2409"]
[BlackElo "2356"]
[PlyCount "66"]
[EventDate "2017.09.28"]
[EventType "team-tourn"]
[EventRounds "9"]
[EventCountry "CRO"]
[SourceTitle "EXT 2018"]
[Source "ChessBase"]
[SourceDate "2017.10.13"]
[SourceVersion "1"]
[SourceVersionDate "2017.10.13"]
[SourceQuality "1"]
[WhiteTeam "Koprivnica Podravka"]
[BlackTeam "Vukovar"]
[WhiteTeamCountry "CRO"]
[BlackTeamCountry "CRO"]

1. e4 c6 2. d4 d5 3. exd5 cxd5 4. c4 Nf6 5. Nc3 e6 6. Nf3 Be7 7. Bd3 dxc4 8. Bxc4 0-0 9. 0-0 a6 10. Qe2 Nc6 11. Rd1 Nb4 12. Bg5 b5 13. Bb3 Bb7 14. a3 Nbd5 15. Rac1 Nxc3 16. bxc3 Bxa3 17. Rb1 Be7 18. c4 bxc4 19. Bxc4 Bd5 20. Ne5 a5 21. Bxd5 Nxd5 22. Nc6 Qd6 23. Nxe7+ Nxe7 24. Bxe7 Qxe7 25. d5 Rfd8 26. Qa2 exd5 27. Rxd5 a4 28. h3 a3 29. Rdb5 Qe6 30. R5b3 g6 31. f4 Rd3 32. Kh2 Rxb3 33. Rxb3 Qxb3 0-1

[Event "CRO-chT1A 26th"]
[Site "Mali Losinj"]
[Date "2017.10.02"]
[Round "5.23"]
[White "Jovanovic, Zoran"]
[Black "Ivekovic, Zvonimir"]
[Result "0-1"]
[WhiteElo "2534"]
[BlackElo "2409"]
[PlyCount "79"]
[EventDate "2017.09.28"]
[EventType "team-tourn"]
[EventRounds "9"]
[EventCountry "CRO"]
[SourceTitle "EXT 2018"]
[Source "ChessBase"]
[SourceDate "2017.10.13"]
[SourceVersion "1"]
[SourceVersionDate "2017.10.13"]
[SourceQuality "1"]
[WhiteTeam "Sesvete Sljeme"]
[BlackTeam "Koprivnica Podravka"]
[WhiteTeamCountry "CRO"]
[BlackTeamCountry "CRO"]

1. e4 c5 2. Ne2 d6 3. g3 Nf6 4. Bg2 e6 5. c3 Be7 6. d4 0-0 7. 0-0 Nbd7 8. h3 Rb8 9. a4 b6 10. g4 Bb7 11. Ng3 d5 12. e5 Ne4 13. Nxe4 dxe4 14. Qe2 f6 15. Bxe4 Bxe4 16. Qxe4 cxd4 17. exf6 Bxf6 18. cxd4 e5 19. dxe5 Bxe5 20. f4 Qh4 21. Kg2 Rbe8 22. Ra3 Bb8 23. Qd5+ Rf7 24. Re3 Ref8 25. Nc3 Kh8 26. Ref3 Qe7 27. Qe4 Qd8 28. Rd1 Qc8 29. Qe6 Qb7 30. Qd5 Qc7 31. Rd4 Nf6 32. Qb5 Qb7 33. Be3 a6 34. Qd3 h6 35. Ne4 Nd7 36. Rf2 Nc5 37. Qc4 Nxe4 38. Rc2 Bxf4 39. Bg1 Rc7 40. Qd3 0-1

[Event "CRO-chT1A 26th"]
[Site "Mali Losinj"]
[Date "2017.09.29"]
[Round "2.53"]
[White "Rubil, Marko"]
[Black "Ivekovic, Zvonimir"]
[Result "1/2-1/2"]
[WhiteElo "2298"]
[BlackElo "2409"]
[PlyCount "104"]
[EventDate "2017.09.28"]
[EventType "team-tourn"]
[EventRounds "9"]
[EventCountry "CRO"]
[SourceTitle "EXT 2018"]
[Source "ChessBase"]
[SourceDate "2017.10.13"]
[SourceVersion "1"]
[SourceVersionDate "2017.10.13"]
[SourceQuality "1"]
[WhiteTeam "Slavonski Brod Djakovic"]
[BlackTeam "Koprivnica Podravka"]
[WhiteTeamCountry "CRO"]
[BlackTeamCountry "CRO"]

1. e4 c5 2. Nf3 d6 3. d4 cxd4 4. Nxd4 Nf6 5. Nc3 a6 6. Bg5 e6 7. f4 h6 8. Bh4 Qb6 9. Qd2 Qxb2 10. Rb1 Qa3 11. f5 Be7 12. fxe6 fxe6 13. Bc4 Qc5 14. Bxe6 Nc6 15. Bf2 Qe5 16. Bxc8 Rxc8 17. 0-0 0-0 18. Nf3 Nxe4 19. Nxe4 Qxe4 20. Rfe1 Qg6 21. Qd5+ Qf7 22. Qxf7+ Rxf7 23. Rxb7 Bf6 24. Rb6 a5 25. Rb5 a4 26. Re4 a3 27. Rc4 Rff8 28. Ra4 Bb2 29. Bg3 Ne5 30. Nd4 Nc4 31. Nf5 Rf7 32. h3 Nd2 33. Nxd6 Rf1+ 34. Kh2 Nf3+ 35. gxf3 Rxc2+ 36. Bf2 Rcxf2+ 37. Kg3 Rxf3+ 38. Kg4 Rf6 39. Ne4 Rf7 40. h4 R1f4+ 41. Kg3 Rf3+ 42. Kg2 g6 43. h5 gxh5 44. Rxh5 Bg7 45. Ra8+ Rf8 46. Rxf8+ Rxf8 47. Rh3 Rf4 48. Nd2 Bf8 49. Nb1 Ra4 50. Rb3 Kf7 51. Kf3 h5 52. Nc3 Rh4 1/2-1/2

[Event "SLO-chT1 East"]
[Site "Slovenia"]
[Date "2016.11.13"]
[Round "6"]
[White "Ivekovic, Zvonimir"]
[Black "Zelcic, Robert"]
[Result "1/2-1/2"]
[WhiteElo "2345"]
[BlackElo "2518"]
[PlyCount "74"]
[EventDate "2016.09.23"]
[EventType "team-tourn"]
[EventRounds "9"]
[EventCountry "SLO"]
[SourceTitle "EXT 2019"]
[Source "ChessBase"]
[SourceDate "2018.10.10"]
[SourceVersion "1"]
[SourceVersionDate "2018.10.10"]
[SourceQuality "1"]
[WhiteTeam "Brezice"]
[BlackTeam "Sentjur"]
[WhiteTeamCountry "SLO"]
[BlackTeamCountry "SLO"]

1. e4 c6 2. c4 d5 3. exd5 cxd5 4. cxd5 Nf6 5. Nc3 Nxd5 6. d4 g6 7. Nf3 Bg7 8. Bc4 Nxc3 9. bxc3 0-0 10. 0-0 Qc7 11. Bb3 Nc6 12. Re1 Na5 13. Ba3 Nxb3 14. Qxb3 Bf6 15. c4 b6 16. Rac1 Re8 17. c5 bxc5 18. Ne5 Be6 19. d5 Bxe5 20. dxe6 f6 21. Rxc5 Qb6 22. Rb5 Qa6 23. g3 Rad8 24. Bc5 Bd6 25. Be3 Rb8 26. a4 Kg7 27. Rb1 Rec8 28. Qd5 Qxa4 29. Rb7 Rxb7 30. Rxb7 Rc7 31. Rxc7 Bxc7 32. Bc5 Qb5 33. Qd4 Bb6 34. Bxb6 axb6 35. h4 h5 36. Qd8 Qc5 37. Qe8 Qd6 1/2-1/2

[Event "CRO-chT1B 25th"]
[Site "Sibenik"]
[Date "2016.10.10"]
[Round "3.2"]
[White "Biliskov, Vjekoslav"]
[Black "Ivekovic, Zvonimir"]
[Result "0-1"]
[WhiteElo "2311"]
[BlackElo "2345"]
[PlyCount "56"]
[EventDate "2016.10.08"]
[EventType "team-tourn"]
[EventRounds "9"]
[EventCountry "CRO"]
[SourceTitle "EXT 2017"]
[Source "ChessBase"]
[SourceDate "2016.10.25"]
[SourceVersion "1"]
[SourceVersionDate "2016.10.25"]
[SourceQuality "1"]
[WhiteTeam "Bibinje Goran"]
[BlackTeam "Koprivnica Podravka"]
[WhiteTeamCountry "CRO"]
[BlackTeamCountry "CRO"]

1. d4 Nf6 2. c4 e6 3. Nf3 d5 4. Nc3 Be7 5. Bg5 h6 6. Bh4 0-0 7. e3 Nbd7 8. Rc1 b6 9. Bd3 c5 10. 0-0 Bb7 11. Qe2 Rc8 12. cxd5 Nxd5 13. Bxe7 Qxe7 14. Nxd5 Bxd5 15. a3 Rcd8 16. dxc5 Bxf3 17. gxf3 Nxc5 18. Bb1 Rd5 19. Ba2 Rh5 20. f4 Qh4 21. f3 e5 22. fxe5 Rxe5 23. Kh1 Qf4 24. Rc3 Rfe8 25. Re1 Qf6 26. e4 Nxe4 27. Re3 Ng3+ 28. hxg3 Rxe3 0-1

[Event "CRO-chT1B 25th"]
[Site "Sibenik"]
[Date "2016.10.09"]
[Round "2.5"]
[White "Ivekovic, Zvonimir"]
[Black "Brulic, Denis"]
[Result "1-0"]
[WhiteElo "2345"]
[BlackElo "2268"]
[PlyCount "63"]
[EventDate "2016.10.08"]
[EventType "team-tourn"]
[EventRounds "9"]
[EventCountry "CRO"]
[SourceTitle "EXT 2017"]
[Source "ChessBase"]
[SourceDate "2016.10.25"]
[SourceVersion "1"]
[SourceVersionDate "2016.10.25"]
[SourceQuality "1"]
[WhiteTeam "Koprivnica Podravka"]
[BlackTeam "Split Mornar"]
[WhiteTeamCountry "CRO"]
[BlackTeamCountry "CRO"]

1. e4 d6 2. d4 Nf6 3. Nc3 e5 4. Nf3 Nbd7 5. Bc4 exd4 6. Qxd4 Nb6 7. Bb3 Be7 8. h3 0-0 9. Be3 Nfd7 10. Qd2 Ne5 11. Nxe5 dxe5 12. Qxd8 Bxd8 13. 0-0-0 c6 14. Rd2 Bc7 15. Rhd1 h6 16. Ne2 Be6 17. Bxe6 fxe6 18. b3 Rad8 19. a4 Rxd2 20. Rxd2 Rd8 21. Rxd8+ Bxd8 22. Kd2 Bc7 23. Nc1 a6 24. Bxb6 Bxb6 25. Nd3 Bc7 26. Nc5 Bb6 27. Nxb7 Kf8 28. f3 Ke7 29. Kd3 Kd7 30. Kc4 a5 31. b4 axb4 32. Kxb4 1-0